| Поле | Инд. | ПП | Название | Значение |
|---|---|---|---|---|
| Тип записи | a | |||
| Библиографический уровень | m | |||
| 001 | Контрольный номер | 4809673b838a4b53b2dbe74139be4df0 | ||
| 005 | Дата корректировки | 20260204113151.0 | ||
| 020 | a | ISBN | 978-5-17-178203-0 | |
| c | Цена, тираж | 1100-00 | ||
| 084 | a | Индекс другой классификации/Индекс ББК | 84(2=411.2)6 | |
| 090 | a | Полочн. индекс | 84(2=411.2)6 | |
| c | Каталожный индекс | 84(2=411.2)6 | ||
| x | Авторский знак | Е 51 | ||
| 091 | i | Возрастная адресация (DOS) | 18+ | |
| 097 | b | Оператор | Сунагатуллина | |
| 100 | 1_ | a | Автор | Елизаров М. Ю. |
| q | Полное имя | Елизаров Михаил Юрьевич | ||
| 245 | 10 | a | Заглавие | Юдоль |
| b | Продолж. заглавия | роман : [18+] | ||
| 260 | a | Место издания | Москва | |
| b | Издательство | АСТ : Редакция Елены Шубиной | ||
| c | Дата издания | 2025 | ||
| 300 | a | Объем | 480 с. | |
| 440 | _0 | a | Серия | Читальня Михаила Елизарова |
| 500 | a | Примечание | Содержит нецензурную брань | |
| 653 | 0_ | a | Ключевые слова | фэнтези |
| 900 | a | Имя макрообъекта | о1576452 | |
| 901 | t | Тип документа | m |